000 00612nam a2200241Ia 4500
003 OSt
005 20221007101037.0
006 a|||||r|||| 00| 0
007 ta
008 221006b |||||||| |||| 00| 0 eng d
024 _a5,716
037 _cMonograhic Series
040 _aLCO
_cLCO
_beng
041 _2eng
_aeng
082 _aX:954, K8
100 _aAVINS A
_9127119
245 0 _aEmployee's Misconduct.
260 _aAllahabad
_bLaw Book Co.
_c1968
300 _a731
650 _aEMPLOYEE
_9702519
942 _hX:954, K8
_cREF
999 _c1175279
_d1175279